000 00789nam a2200265 a 4500
001 000023528
005 20200930022302.0
008 101210s1993 ag 000 f spa d
020 _a9501513092
040 _aDO-SdBNP
_bspa
_cBNPHU
041 1 7 _aeng
_hspa
_2Código de idioma MARC
082 _a813.54
_bL752an
100 1 _aLindsey, Johanna
_948497
240 1 0 _aAngel.
_lespañol
245 1 0 _aÁngel /
_cJohanna Lindsey ; traducción de Edith Zilli.
260 _aBuenos Aires, Argentina :
_bJavier Vergara,
_c1993.
300 _a290 p. ;
_c23 cm.
490 1 _aAmor y aventura
650 4 _aNovela estadounidense
_9262
650 4 _aLiteratura estadounidense
_9263
700 1 _aZilli, Edith,
_etr.
_93228
830 0 _aAmor y aventura
_948498
910 _aWM
049 _aBNGR
999 _c23024
_d23024